| 000 -CABECERA |
| fixed length control field |
01259nam a22002897i 4500 |
| 003 - IDENTIFICADOR DEL NÚMERO DE CONTROL |
| control field |
AR-CdUCM |
| 008 - DATOS DE LONGITUD FIJA--INFORMACIÓN GENERAL |
| fixed length control field |
240415b20202020pe ||||| |||| 00| 0 spa d |
| 020 ## - NÚMERO INTERNACIONAL ESTÁNDAR DEL LIBRO |
| ISBN |
979-886-35059-6-1 |
| 040 ## - FUENTE DE LA CATALOGACIÓN |
| Agencia/entidad que catalogó originalmente la obra |
MUNICIPALIDAD PROVINCIAL DEL CUSCO |
| Entidad que transcribió la catalogación |
BIBLIOTECA MUNICIPAL DEL CUSCO |
| 082 ## - NÚMERO DE LA CLASIFICACIÓN DECIMAL DEWEY |
| No. de Clasificación |
985.74 / Y12 |
| Notacion interna |
Y12 |
| 100 ## - ENTRADA PRINCIPAL--NOMBRE DE PERSONA |
| Nombre Personal |
Yabar Calderon, Virgilio |
| 245 ## - MENCIÓN DE TÍTULO |
| Título |
El Paititi descubierto / |
| 260 ## - PUBLICACIÓN, DISTRIBUCIÓN, ETC. |
| Lugar de publicación, distribución, etc. |
Middletown : |
| Nombre de la editorial, distribuidor, etc. |
Independently Published, |
| Fecha de publicación, distribución, etc. |
2023 |
| 300 ## - DESCRIPCIÓN FÍSICA |
| Nº de Páginas Extensión |
190 Páginas. : |
| Dimensiones |
22.7 cm. |
| 500 ## - NOTA GENERAL |
| Bibliografía |
188-190 |
| 505 ## - NOTA DE CONTENIDO CON FORMATO |
| Nota de contenido formateada |
Antecedentes del Paititi en la Selva Sur Peruana Reserva de la Biosfera del Manu -- Ruinas de Paratoari -- Ruinas de la Pirámide del Otorongo -- Cuando el Mito del Paititi se convierte en realidad |
| 650 ## - PUNTO DE ACCESO ADICIONAL DE MATERIA--TÉRMINO DE MATERIA |
| Descriptor |
Antecedentes del Paititi en la Selva Sur Peruana Reserva de la Biosfera del Manu |
| 9 (RLIN) |
49543 |
| 650 ## - PUNTO DE ACCESO ADICIONAL DE MATERIA--TÉRMINO DE MATERIA |
| Descriptor |
La Meseta del Pantiacolla y el Paratoari |
| 9 (RLIN) |
49544 |
| 650 ## - PUNTO DE ACCESO ADICIONAL DE MATERIA--TÉRMINO DE MATERIA |
| Descriptor |
Expediciones a Paratoari |
| 9 (RLIN) |
49545 |
| 650 ## - PUNTO DE ACCESO ADICIONAL DE MATERIA--TÉRMINO DE MATERIA |
| Descriptor |
Ruinas de Paratoari - Ruinas de la Pirámide del Otorongo |
| 9 (RLIN) |
49546 |
| 650 ## - PUNTO DE ACCESO ADICIONAL DE MATERIA--TÉRMINO DE MATERIA |
| Descriptor |
Defensas rivereñas |
| 9 (RLIN) |
49547 |
| 650 ## - PUNTO DE ACCESO ADICIONAL DE MATERIA--TÉRMINO DE MATERIA |
| Descriptor |
Los Geoglifos del Paratoari |
| 9 (RLIN) |
49548 |
| 650 ## - PUNTO DE ACCESO ADICIONAL DE MATERIA--TÉRMINO DE MATERIA |
| Descriptor |
Cuando el Mito del Paititi se convierte en realidad |
| 9 (RLIN) |
49549 |
| 942 ## - ELEMENTOS DE PUNTO DE ACCESO ADICIONAL (KOHA) |
| Fuente de clasificación |
|
| Tipo de item |
Libros-BMC |
| 945 ## - PROCESAMIENTO DE INFORMACIÓN LOCAL (OCLC) |
| Catalogador |
pbj |
| AAAA-MM-DD - Fecha de ingreso o modificacion |
2024-04-15 |